000 01882nam a2200397 i 4500
001 5228773
003 CZ PrSKC
005 20260415084151.0
007 ta
008 260409s2026 xr g 000 f cze
020 _a9788028414238
040 _aABG001
_bcze
_erda
041 1 _acze
_heng
072 7 _a821.111-3
_xAnglická próza, anglicky psaná
_2Konspekt
080 _a821.111-31
_2MRF
080 _a(0:82-312.4)
_2MRF
100 1 _aHolland, Sam
_4aut
_916600
240 1 0 _aCountdown killer.
_lČesky
245 1 0 _aOdpočet smrti /
_cSam Holland ; přeložil Jan Jirák
250 _aVydání první
264 1 _aPraha :
_bEuromedia Group,
_c2026
300 _a390 stran ;
_c24 cm
500 _a"Vydala Euromedia Group, a.s., v edici Kalibr"--Tiráž
500 _aPřeloženo z angličtiny
520 2 _aČtvrtý z řady krimithrillerů Major Crimes od anglické autorky přináší případ série nájemných únosů a vražd.
_bDetektiv Cara Elliottová obdrží uprostřed noci zásilku: DVD se záznamem kruté, hrůzné vraždy. Tuhle smrt si někdo objednal. A vykonavatelé splnili všechny jeho zvrácené požadavky. Vyvolalo to nadšení... a přilákalo další zájemce. Další žádost, únos - a po 48 hodinách věznění vražda. Pak ale zabijáci zjistí, že je mají policisté na mušce, a rozhodnou se zariskovat: své lovce změní v lovnou zvěř. Čas běží a Caře nakonec nezbude než hledat pomoc u někoho, kde by to čekala nejmíň - u Kopíráka... Nakladatelská anotace.
655 7 _aanglické romány
655 7 _adetektivní romány
655 7 _athrillery (romány)
_920
655 9 _aEnglish fiction
655 9 _adetective novels
655 9 _athrillers (novels)
_9125
700 1 _aJirák, Jan,
_d1958-
_4trl
_96174
710 2 _aKalibr (nakladatelství)
_4pbl
_920503
910 _aABG508
999 _c34152
_d34152